000 00559nas a2200205 4500
001 BR9605276
003 BR-BrBNA
005 20231205094913.0
007 ta
008 230509b bl.|||p| |||| 00| 00por d
040 _aBR-BrBNA
_bpor
_cBiblioteca Nacional de Agricultura
041 _a(Pt)
072 _aF01
100 1 _aBezerra, I.
245 1 _aJardim instantaneo
650 _aJardinagem
773 0 _tNatureza (Brazil)
_xISSN 0104-3609
_g(Feb 1996), v. 9(97) p. 53-56
_wBR9605276
909 _a202311
_bLúcia
_c55
_dLúcia Elande
942 _2AGRIS
_n0
_cANA
999 _c147647
_d147647